Simposio Internacional Guadua 2004 (Registro nro. 16614)
[ vista simple ]
| 000 -CABECERA | |
|---|---|
| Campo de control | 006100000a22001930004500 |
| 005 - FECHA Y HORA DE LA ULTIMA TRANSACCION | |
| Campo de control | 20170207113355.0 |
| 008 - ELEMENTOS DE LONGITUD FIJA—INFORMACION GENERAL | |
| Campo de control | 170207b xxu||||| |||| 00| 0 spa d |
| 040 ## - FUENTE DE CATALOGACIÓN | |
| Agencia catalogadora original | CO-BoIAVH |
| Agencia transcriptora | CO-BoIAVH |
| 041 ## - IDIOMA | |
| Código de idioma para texto/pista de sonido o título separado | Español |
| 090 ## - CLASIFICACIÓN LOCAL | |
| Colección | MM |
| Consecutivo | 00231 |
| 111 2# - ASIENTO PRINCIPAL--NOMBRE DE REUNION | |
| Nombre de reunión o de jurisdicción como elemento de entrada | Simposio Internacional Guadua 2004 |
| Lugar de la reunión | Pereira |
| Fecha de la reunión | Septiembre 27, Octubre 2, 2004 |
| 245 10 - MENCION DE TITULO | |
| Título | Simposio Internacional Guadua 2004 |
| 257 ## - PAIS DE LA ENTIDAD PRODUCTORA DE FILMES DE ARCHIVO | |
| País de la entidad productora | Colombia |
| 264 ## - Producción, Publicación, Distribución, Fabricación y Aviso de copyright | |
| Lugar de producción, publicación, etc | Pereira: |
| Nombre del productor, editor, etc. | Universidad Tecnológica de Pereira, |
| Fecha de la producción, publicación, etc. | 2004. |
| 300 ## - DESCRIPCION FISICA | |
| Extensión | CD-ROM |
| Otros detalles físicos | 1 |
| 650 ## - ASIENTO SECUNDARIO DE MATERIA - TERMINO TEMATICO | |
| Término temático o nombre geográfico como elemento de entrada | Guadua |
| Subdivisión general | construcciones |
| 651 ## - ASIENTO SECUNDARIO DE MATERIA - NOMBRE GEOGRAFICO | |
| Nombre geográfico | Colombia |
| Subdivisión geográfica | Eje Cafetero |
| 942 ## - ELEMENTOS ADICIONALES (KOHA) | |
| Tipo de ítem | CD-ROM |
| Sistema de clasificación | Local |
| Withdrawn status | Lost status | Sistema de Clasificación | Damaged status | No para préstamo | Colección | Ubicación Permanente | Ubicación actual | Fecha de adquisición | Fuente de adquisición | Total Checkouts | Número topográfico | Inventario / Código de Barras | Date last seen | Ejemplar | Price effective from | Tipo de material |
|---|---|---|---|---|---|---|---|---|---|---|---|---|---|---|---|---|
| Local | Audiovisual | Bogotá | Bogotá | 07/02/2017 | GTZ | MM-00231 | 018882 | 25/03/2015 | Ej. 1 | 25/03/2015 | CD-ROM |